000 00260pab a2200109 454500
008 180718b xxu||||| |||| 00| 0 eng d
100 _aSaksena, R.S.
245 _aNeed to promote minor irrigation works
650 _aIrrigation
773 _aYojana
909 _a23757
999 _c23757
_d23757